Mi papa y yo / (Record no. 21625)

MARC details
000 -LEADER
fixed length control field 01066cam a2200313Ka 4500
001 - CONTROL NUMBER
control field 54368692
003 - CONTROL NUMBER IDENTIFIER
control field OCoLC
005 - DATE AND TIME OF LATEST TRANSACTION
control field 20181226151104.0
008 - FIXED-LENGTH DATA ELEMENTS--GENERAL INFORMATION
fixed length control field 040206s1998 nyua b 000 1 spa d
020 ## - INTERNATIONAL STANDARD BOOK NUMBER
International Standard Book Number 0590629115 (pbk.)
020 ## - INTERNATIONAL STANDARD BOOK NUMBER
International Standard Book Number 9780590629119 (pbk.)
040 ## - CATALOGING SOURCE
Original cataloging agency WIM
Transcribing agency WIM
Modifying agency JTE
041 ## - LANGUAGE CODE
Language code of text/sound track or separate title spa
100 1# - MAIN ENTRY--PERSONAL NAME
Personal name Cervantes, Jesus P.
245 10 - TITLE STATEMENT
Title Mi papa y yo /
Statement of responsibility, etc. escrito por Jesus Cervantes ; ilustrado por Carlos E. Bernales.
260 ## - PUBLICATION, DISTRIBUTION, ETC. (IMPRINT)
Place of publication, distribution, etc. New York :
Name of publisher, distributor, etc. Scholastic,
Date of publication, distribution, etc. c1998.
300 ## - PHYSICAL DESCRIPTION
Extent 7 p. :
Other physical details ill. ;
Dimensions 18 cm.
490 1# - SERIES STATEMENT
Series statement Cuentos foneticos de Scholastic ;
Volume/sequential designation 3.
520 ## - SUMMARY, ETC.
Summary, etc. Mapi and her father work on a puzzle with four different animals, all of whose names begin with the letter "p."
546 ## - LANGUAGE NOTE
Language note In Spanish.
650 #0 - SUBJECT ADDED ENTRY--TOPICAL TERM
Topical term or geographic name as entry element Fathers
Form subdivision Juvenile fiction.
650 #0 - SUBJECT ADDED ENTRY--TOPICAL TERM
Topical term or geographic name as entry element Father and child
Form subdivision Juvenile fiction.
650 #0 - SUBJECT ADDED ENTRY--TOPICAL TERM
Topical term or geographic name as entry element Puzzles
Form subdivision Juvenile fiction.
650 #0 - SUBJECT ADDED ENTRY--TOPICAL TERM
Topical term or geographic name as entry element Reading
General subdivision Phonetic method.
650 #1 - SUBJECT ADDED ENTRY--TOPICAL TERM
Topical term or geographic name as entry element Spanish language materials.
700 1# - ADDED ENTRY--PERSONAL NAME
Personal name Bernales, Carlos E.
Relator code ill.
830 #0 - SERIES ADDED ENTRY--UNIFORM TITLE
Uniform title Cuentos foneticos de Scholastic ;
Volume number/sequential designation 3.
942 ## - ADDED ENTRY ELEMENTS (KOHA)
Koha item type Libro/Book
Holdings
Withdrawn status Lost status Damaged status Not for loan Home library Current library Date acquired Inventory number Total Checkouts Barcode Date last seen Price effective from Koha item type
        Capulin -- Satellite Capulin -- Satellite 15/04/2019 Inventory date: 7/7/25   35100333 15/04/2019 15/04/2019 Libro/Book

Powered by Koha